Labour/Le travail

Uloženo v:
Podrobná bibliografie
Médium: Kniha
Jazyk:Undetermined
Vydáno: Canada 1998
Témata:
Tagy: Přidat tag
Žádné tagy, Buďte první, kdo otaguje tento záznam!
Thư viện lưu trữ: Trung tâm Học liệu Trường Đại học Cần Thơ
LEADER 00398nam a2200145Ia 4500
001 CTU_41468
008 210402s9999 xx 000 0 und d
082 |a 331 
082 |b L125/N.42 
245 0 |a Labour/Le travail 
260 |a Canada 
260 |c 1998 
650 |a Labor economics 
904 |i Nguyễn Quang Điền, Giang sửa 
980 |a Trung tâm Học liệu Trường Đại học Cần Thơ